000 00307 a2200121 4500
999 _c306913
_d306913
001 71840
003 NUST
005 20180119123141.0
008 180119b xxu||||| |||| 00| 0 eng d
082 _a297.1228 IMT
100 _aImtiaz Ahmed
_99082
245 _aLessons for Every Sensible Person
_hEnglish
260 _aIslamabad
_bAl-Mumtaz Graphics
_c2004
300 _a82p
942 _aCAE NUST
_cBK
_k297.1228 IMT
_2ddc